000 00438nmm a2200157Ia 4500
008 251105s9999||||xx |||||||||||||||||und||
020 _a9789586488440
041 _aspa
100 _aGerencie.com
245 0 _aCartilla laboral 2013
264 _a[Bogotá, Colombia] :
_bEcoe Ediciones,
_c2013
300 _a344 páginas
650 _aEconomics and Business
856 _uhttps://public.digitaliapublishing.com/a/102904
942 _cCF
999 _c95410
_d95410